マンガ発行部数ランキング - Statistics

General Stats
  • This quiz has been taken 737 times
  • The average score is 13 of 30
Answer Stats
Answer 発行部数 % Correct
1 ONE PIECE 5億
99%
4 ドラゴンボール 2億6000万
88%
8 鬼滅の刃 1億5000万
83%
5 NARUTO 2億5000万
77%
13 ドラえもん 1億
69%
3 名探偵コナン 2億7000万
68%
7 こち亀 1億5650万
68%
28 呪術廻戦 8000万
68%
9 進撃の巨人 1億4000万
57%
24 HUNTER×HUNTER 8400万
53%
6 SLUMDUNK 1億7000万
53%
11 BLEACH 1憶3000万
49%
23 僕のヒーローアカデミア 8500万
48%
12 ジョジョの奇妙な冒険 1憶2000万
44%
2 ゴルゴ13 3億
40%
21 サザエさん 8600万
34%
20 キャプテン翼 9000万
33%
15 タッチ 1億
27%
27 鋼の錬金術師 8000万
27%
19 キングダム 1億
26%
10 美味しんぼ 1億3500万
23%
17 北斗の拳 1億
22%
14 鉄腕アトム 1億
19%
30 るろうに剣心 7200万
19%
18 はじめの一歩 1億
17%
29 キン肉マン 7700万
17%
16 金田一少年の事件簿 1億
12%
22 バキ 8500万
9%
26 三国志 8000万
5%
25 バガボンド 8200万
3%
No matching quizzes found
Score Distribution
Percent of People with Each Score
Percentile by Number Answered
Your Score History
You have not taken this quiz